书目信息 |
| 题名: |
数学巡礼
|
|
| 作者: | 彼得勋 著 ;裘光明 译 | |
| 分册: | ||
| 出版信息: | 长沙 湖南教育出版社 2000 |
|
| 页数: | 283页 | |
| 开本: | 20cm | |
| 丛书名: | 世界科普名著精选 | |
| 单 册: | ||
| 中图分类: | O1 | |
| 科图分类: | ||
| 主题词: | 数学 | |
| 电子资源: | ||
| ISBN: | 7-5355-3654-9 | |
| 000 | 00633nam0 2200217 450 | |
| 001 | 0732828906 | |
| 005 | 20070903090708.90 | |
| 010 | @a7-5355-3654-9@d¥26.30 | |
| 100 | @a20070903d km y0chiy0120 ea | |
| 101 | 0 | @achi |
| 200 | 1 | @a数学巡礼@Ashu xue xun li@f(美)彼得勋著@F(mei)bi de xun zhu@g裘光明译@Gqiu guang ming yi |
| 210 | @a长沙@c湖南教育出版社@d2000 | |
| 215 | @a283页@d20cm | |
| 225 | 2 | @a世界科普名著精选 |
| 410 | 0 | @12001 @a世界科普名著精选 |
| 606 | 0 | @a数学 |
| 690 | @aO1@v3 | |
| 701 | 0 | @a彼得勋@Abi de xun@4著 |
| 702 | 0 | @a裘光明@Aqiu guang ming@4译 |
| 801 | 0 | @aCN@bPFT@c20070903 |
| 905 | @a213230@dO1@eS139@f1 | |
| 数学巡礼/(美)彼得勋著/裘光明译.-长沙:湖南教育出版社,2000 |
| 283页;20cm.-(世界科普名著精选) |
| ISBN 7-5355-3654-9:¥26.30 |
| ● |
| 相关链接 |
|
|
|
|
正题名:数学巡礼
索取号:O1/S139
 
预约/预借
| 序号 | 登录号 | 条形码 | 馆藏地/架位号 | 状态 | 备注 |
| 1 | 6700203 | 267002030 | 密集书库-数信学院/ [索取号:O1/S139] | 在馆 |